[Event "Trois-Rivieres op"]
[Site "Trois-Rivieres CAN"]
[Date "2018.03.17"]
[Round "3.20"]
[White "Durette, Francis"]
[Black "Dumouchel, Alain"]
[Result "1-0"]
[WhiteElo "2128"]
[BlackElo "1863"]
[PlyCount "41"]
[EventDate "2018.03.16"]
[EventType "swiss"]
[EventRounds "5"]
[EventCountry "CAN"]

1. c4 Nf6 2. Nc3 g6 3. g3 Bg7 4. Bg2 O-O 5. e4 d6 6. Nge2 a5 7. O-O Na6 8. d3
c6 9. h3 e5 10. Be3 Kh8 11. Qd2 Nc5 12. f4 Ng8 13. fxe5 Ne6 14. d4 dxe5 15. d5
Nc7 16. Bc5 a4 17. Bxf8 Qxf8 18. d6 Bh6 19. Qd1 Be6 20. dxc7 Bxc4 21. Kh2 1-0

[Event "Trois-Rivieres op"]
[Site "Trois-Rivieres CAN"]
[Date "2018.03.17"]
[Round "3.21"]
[White "Johnson-Constantin, Matthieu"]
[Black "Tanaka, Tyler"]
[Result "1/2-1/2"]
[WhiteElo "2024"]
[BlackElo "2118"]
[PlyCount "60"]
[EventDate "2018.03.16"]
[EventType "swiss"]
[EventRounds "5"]
[EventCountry "CAN"]

1. e4 c5 2. Nf3 d6 3. Bb5+ Nd7 4. a4 Ngf6 5. Nc3 g6 6. O-O a6 7. Bc4 Bg7 8. d3
O-O 9. h3 b6 10. Re1 Bb7 11. Bf4 e5 12. Be3 Qc7 13. Qd2 Bc6 14. Re2 Qb7 15. Bh6
b5 16. Bb3 Rfe8 17. Bxg7 Kxg7 18. Qg5 c4 19. axb5 axb5 20. Rxa8 Rxa8 21. dxc4
bxc4 22. Bxc4 h6 23. Qd2 Nxe4 24. Nxe4 Bxe4 25. Kh2 Rc8 26. Ba6 Qxa6 27. Rxe4
Nf6 28. Rh4 h5 29. c3 Qb6 30. Rb4 Qc5 1/2-1/2

[Event "Trois-Rivieres op"]
[Site "Trois-Rivieres CAN"]
[Date "2018.03.18"]
[Round "4.1"]
[White "Mikhalevski, Victor"]
[Black "Ouellet, Maili-Jade"]
[Result "1-0"]
[WhiteElo "2557"]
[BlackElo "2173"]
[PlyCount "91"]
[EventDate "2018.03.16"]
[EventType "swiss"]
[EventRounds "5"]
[EventCountry "CAN"]

1. d4 d5 2. c4 e6 3. Nf3 Nf6 4. g3 Be7 5. Bg2 O-O 6. O-O dxc4 7. Qc2 b6 8. Bg5
Nd5 9. Bxe7 Qxe7 10. Qxc4 Ba6 11. Qc2 Nd7 12. Rd1 Bb7 13. e4 Nb4 14. Qe2 c5 15.
Nc3 cxd4 16. Nxd4 Rfd8 17. e5 Bxg2 18. Kxg2 Nc5 19. a3 Nd5 20. Ncb5 Rd7 21. b4
Nb7 22. Rac1 a6 23. Nc3 Nxc3 24. Rxc3 Rd5 25. Nc6 Qd7 26. Rxd5 Qxd5+ 27. Qf3
Qxf3+ 28. Kxf3 Kf8 29. Nd4 Nd8 30. Rc7 Ke8 31. Ke3 Kf8 32. f4 g6 33. g4 Ke8 34.
Kd3 Kf8 35. h4 Ke8 36. h5 a5 37. Nb5 axb4 38. axb4 Kf8 39. h6 Ra1 40. Nd6 Rd1+
41. Ke3 Re1+ 42. Kf2 Ra1 43. Rd7 Ra8 44. b5 g5 45. fxg5 Rb8 46. Ra7 1-0

[Event "Trois-Rivieres op"]
[Site "Trois-Rivieres CAN"]
[Date "2018.03.18"]
[Round "4.5"]
[White "Huang, Qiuyu"]
[Black "Papineau (Granby), Daniel"]
[Result "1-0"]
[WhiteElo "2267"]
[BlackElo "2078"]
[PlyCount "53"]
[EventDate "2018.03.16"]
[EventType "swiss"]
[EventRounds "5"]
[EventCountry "CAN"]

1. e4 g6 2. d4 Bg7 3. Nc3 c6 4. Bg5 d6 5. Qd2 Nd7 6. Nge2 b5 7. a3 a6 8. g3 Bb7
9. Bg2 h6 10. Be3 Ngf6 11. h3 c5 12. O-O Qc7 13. d5 Nb6 14. b3 Nfd7 15. Rab1
O-O-O 16. Na2 f5 17. Nf4 Nf8 18. exf5 gxf5 19. Qd3 Qd7 20. c4 Be5 21. Nc3 Bxf4
22. Bxf4 Ng6 23. cxb5 Nxf4 24. gxf4 axb5 25. Kh2 Rhg8 26. Bf3 Ba6 27. a4 1-0

[Event "Trois-Rivieres op"]
[Site "Trois-Rivieres CAN"]
[Date "2018.03.18"]
[Round "4.6"]
[White "Chabot, Roland"]
[Black "Poulin, Mathieu"]
[Result "0-1"]
[WhiteElo "2150"]
[BlackElo "2246"]
[PlyCount "96"]
[EventDate "2018.03.16"]
[EventType "swiss"]
[EventRounds "5"]
[EventCountry "CAN"]

1. c4 Nf6 2. Nc3 e6 3. Nf3 d5 4. e3 Be7 5. b3 O-O 6. Bb2 b6 7. Be2 Bb7 8. O-O
Nbd7 9. cxd5 Nxd5 10. Nxd5 Bxd5 11. Qc2 c5 12. Rac1 Bf6 13. Bxf6 Qxf6 14. d4
Rad8 15. dxc5 Nxc5 16. b4 Be4 17. Qc3 Nd3 18. Qxf6 gxf6 19. Rc7 Nxb4 20. Rc4
Bd3 21. Bxd3 Nxd3 22. Rc7 Ra8 23. Rd1 Rfc8 24. Rd7 Nc5 25. R7d4 Kf8 26. Rh4 Rd8
27. Rb1 Kg7 28. g3 f5 29. Kg2 Ne4 30. Nd4 Rd5 31. f3 Nd6 32. Rc1 Rc5 33. Rxc5
bxc5 34. Nb3 Rc8 35. Kf2 c4 36. Nc1 e5 37. Ke2 Rb8 38. Kd2 Rb2+ 39. Kc3 Rf2 40.
f4 Ne4+ 41. Kxc4 Rc2+ 42. Kd3 Rc3+ 43. Ke2 Rxc1 44. fxe5 Rc2+ 45. Kd3 Rxa2 46.
Rf4 Kg6 47. Kc4 h5 48. h4 Rf2 0-1

[Event "Trois-Rivieres op"]
[Site "Trois-Rivieres CAN"]
[Date "2018.03.18"]
[Round "4.7"]
[White "Xu, Daniel"]
[Black "Zheng, Richard"]
[Result "1/2-1/2"]
[WhiteElo "2006"]
[BlackElo "2217"]
[PlyCount "79"]
[EventDate "2018.03.16"]
[EventType "swiss"]
[EventRounds "5"]
[EventCountry "CAN"]

1. d4 e6 2. g3 d5 3. Bg2 f5 4. c4 c6 5. Nh3 Nf6 6. O-O Bd6 7. Bf4 O-O 8. e3 b6
9. Nd2 Bxf4 10. Nxf4 Re8 11. Qc2 g6 12. Rfd1 Bb7 13. Nf3 Nbd7 14. Rac1 Qe7 15.
Qb3 Rad8 16. Ng5 Nf8 17. cxd5 exd5 18. Nf3 N8d7 19. Nd3 Ne4 20. Nb4 Qd6 21. Nd2
b5 22. Nd3 Kg7 23. Qb4 Qxb4 24. Nxb4 Rc8 25. Nb3 Nb8 26. Na5 Ba8 27. Rc2 Nd6
28. Rdc1 Nc4 29. Nb3 a5 30. Nd3 Nd7 31. Nbc5 Nxc5 32. Nxc5 Nd6 33. a3 h6 34.
Nb3 a4 35. Nc5 Rcd8 36. Bf1 Nc4 37. Bxc4 dxc4 38. Kg2 Kf6 39. Kf3 Re7 40. h3
1/2-1/2

[Event "Trois-Rivieres op"]
[Site "Trois-Rivieres CAN"]
[Date "2018.03.18"]
[Round "4.8"]
[White "Nicula, Marius"]
[Black "Saine, Zachary"]
[Result "1-0"]
[WhiteElo "2187"]
[BlackElo "1990"]
[PlyCount "125"]
[EventDate "2018.03.16"]
[EventType "swiss"]
[EventRounds "5"]
[EventCountry "CAN"]

1. e4 e5 2. Nc3 Nf6 3. Nf3 Nc6 4. Bb5 d6 5. d4 exd4 6. Nxd4 Bd7 7. O-O Be7 8.
Be2 O-O 9. f4 Re8 10. Bf3 Bf8 11. Be3 g6 12. Bf2 Bg7 13. h3 Nxd4 14. Bxd4 c5
15. Bf2 Bc6 16. Re1 b5 17. e5 Bxf3 18. Qxf3 dxe5 19. Rad1 Qc8 20. fxe5 Nd7 21.
Nxb5 Nxe5 22. Qd5 Qc6 23. Qxc5 Qxc5 24. Bxc5 Rec8 25. Bd4 Nc6 26. Bxg7 Kxg7 27.
c3 a6 28. Nd4 Rab8 29. Nxc6 Rxc6 30. Re2 h5 31. Rd3 a5 32. Kf2 Rb5 33. b3 Rf6+
34. Ke1 Rbf5 35. Kd2 Rf1 36. c4 R6f5 37. Kc3 Rc1+ 38. Rc2 Rcf1 39. a3 Ra1 40.
Rd5 Rxd5 41. cxd5 Kf6 42. Rd2 a4 43. Kb2 Re1 44. d6 Re8 45. bxa4 Rd8 46. a5 Ke6
47. Kc3 Kd7 48. Kb4 Rb8+ 49. Kc4 Rc8+ 50. Kb5 Rb8+ 51. Ka4 Ra8 52. Rd4 f6 53.
h4 g5 54. hxg5 fxg5 55. Rd5 Rg8 56. a6 h4 57. Ka5 g4 58. a7 h3 59. gxh3 gxh3
60. Rh5 Rg3 61. a4 Rg8 62. Kb6 Kxd6 63. Rxh3 1-0

[Event "Trois-Rivieres op"]
[Site "Trois-Rivieres CAN"]
[Date "2018.03.18"]
[Round "4.9"]
[White "Latreche, Sabrina"]
[Black "Bolduc, Steve"]
[Result "1/2-1/2"]
[WhiteElo "2004"]
[BlackElo "2159"]
[PlyCount "65"]
[EventDate "2018.03.16"]
[EventType "swiss"]
[EventRounds "5"]
[EventCountry "CAN"]

1. e4 e5 2. Nf3 Nc6 3. d4 exd4 4. Bc4 Nf6 5. O-O Nxe4 6. Re1 d5 7. Bxd5 Qxd5 8.
Nc3 Qf5 9. Nxe4 Be6 10. Nxd4 Nxd4 11. Qxd4 Be7 12. Bg5 Bxg5 13. Qxg7 O-O-O 14.
Qxg5 Rhg8 15. Qxf5 Bxf5 16. Kf1 Rd4 17. f3 Bxe4 18. Rxe4 Rd2 19. g4 Rxh2 20.
Rd1 f5 21. Re7 fxg4 22. fxg4 Rxc2 23. Rxh7 b6 24. Rd4 Kb8 25. b4 Rxa2 26. Rc4
Rd8 27. Ke1 Re8+ 28. Kf1 Rd8 29. Ke1 Rc8 30. g5 Rg2 31. Rg7 Rh8 32. Kf1 Rb2 33.
Kg1 1/2-1/2

[Event "Trois-Rivieres op"]
[Site "Trois-Rivieres CAN"]
[Date "2018.03.18"]
[Round "4.10"]
[White "Masse, Hugues"]
[Black "Leger, Maxime"]
[Result "1-0"]
[WhiteElo "2223"]
[BlackElo "2046"]
[PlyCount "131"]
[EventDate "2018.03.16"]
[EventType "swiss"]
[EventRounds "5"]
[EventCountry "CAN"]

1. c4 Nf6 2. g3 g6 3. Bg2 Bg7 4. Nc3 O-O 5. d4 d6 6. Nf3 Nc6 7. O-O a6 8. Qd3
e5 9. dxe5 dxe5 10. Qxd8 Rxd8 11. Bg5 Be6 12. Nd2 h6 13. Bxf6 Rxd2 14. Bxg7
Kxg7 15. Bxc6 bxc6 16. b3 f5 17. Rfd1 Rad8 18. f3 R8d6 19. Kf2 Rc2 20. Rac1
Rxc1 21. Rxc1 Kf6 22. Rd1 Rxd1 23. Nxd1 c5 24. Nc3 Ke7 25. f4 e4 26. g4 c6 27.
Na4 Kd6 28. g5 h5 29. Ke3 Bf7 30. Kd2 Be6 31. Kc3 Bf7 32. a3 a5 33. b4 axb4+
34. axb4 cxb4+ 35. Kxb4 Be6 36. c5+ Kc7 37. Kc3 Kb7 38. e3 Ka6 39. Kb4 Bd5 40.
Nb6 Be6 41. Ka4 Kb7 42. Kb4 Ka6 43. Nc4 Bxc4 44. Kxc4 Ka5 45. Kd4 Kb5 46. Ke5
Kc4 47. Kf6 Kd3 48. Kxg6 Kxe3 49. Kxf5 Kd4 50. g6 e3 51. g7 e2 52. g8=Q e1=Q
53. Qh8+ Kc4 54. Qxh5 Kxc5 55. Kf6+ Kb4 56. f5 c5 57. Kg7 Qe5+ 58. Kg6 Qe8+ 59.
Kg5 Qe3+ 60. Kh4 c4 61. Qg4 Qf2+ 62. Kg5 Qxh2 63. f6 Qh8 64. Qe4 Qg8+ 65. Kf4
Qf8 66. Qe7+ 1-0

[Event "Trois-Rivieres op"]
[Site "Trois-Rivieres CAN"]
[Date "2018.03.18"]
[Round "4.13"]
[White "Fortier, Marc-Andre"]
[Black "Soudre, Nicolas"]
[Result "0-1"]
[WhiteElo "2229"]
[BlackElo "2258"]
[PlyCount "80"]
[EventDate "2018.03.16"]
[EventType "swiss"]
[EventRounds "5"]
[EventCountry "CAN"]

1. e4 e6 2. Qe2 c5 3. Nf3 Nc6 4. g3 g6 5. Bg2 Bg7 6. O-O Nge7 7. c3 O-O 8. d3
d6 9. Be3 b5 10. d4 cxd4 11. Nxd4 b4 12. Rd1 Nxd4 13. Bxd4 Bxd4 14. Rxd4 Nc6
15. Rd1 Rb8 16. a3 a5 17. axb4 axb4 18. c4 e5 19. Nd2 Nd4 20. Qd3 Bg4 21. f3
Be6 22. Nb3 Nxb3 23. Qxb3 Qb6+ 24. Kh1 Rfc8 25. Rac1 Rc6 26. Qd3 b3 27. Bf1
Rbc8 28. Qd2 Bxc4 29. Bxc4 Rxc4 30. Rxc4 Rxc4 31. Qxd6 Qxd6 32. Rxd6 Rc2 33.
Rb6 Rxb2 34. Kg1 Kf8 35. Kf1 Ke7 36. g4 Kd7 37. Ke1 Kc7 38. Rb4 Kc6 39. Kd1 Kc5
40. Rb7 Kc4 0-1

[Event "Trois-Rivieres op"]
[Site "Trois-Rivieres CAN"]
[Date "2018.03.18"]
[Round "4.14"]
[White "Beaulieu, Eric"]
[Black "Mendoza, Armand Jess"]
[Result "1-0"]
[WhiteElo "2307"]
[BlackElo "1914"]
[PlyCount "31"]
[EventDate "2018.03.16"]
[EventType "swiss"]
[EventRounds "5"]
[EventCountry "CAN"]

1. d4 d6 2. Nf3 g6 3. e4 Bg7 4. Be2 c5 5. d5 Qb6 6. Nbd2 Qa5 7. a4 Bd7 8. O-O
Na6 9. Nc4 Qc7 10. Bf4 f6 11. Qd2 g5 12. Bg3 h5 13. h4 gxh4 14. Nxh4 O-O-O 15.
Ng6 Rh6 16. Nxe7+ 1-0

[Event "Trois-Rivieres op"]
[Site "Trois-Rivieres CAN"]
[Date "2018.03.18"]
[Round "4.15"]
[White "Dube, Daniel"]
[Black "Saha, Ananda"]
[Result "0-1"]
[WhiteElo "1871"]
[BlackElo "2149"]
[PlyCount "60"]
[EventDate "2018.03.16"]
[EventType "swiss"]
[EventRounds "5"]
[EventCountry "CAN"]

1. d4 d5 2. c4 e6 3. Nf3 Nf6 4. g3 Be7 5. Bg2 O-O 6. O-O c6 7. Qc2 Nbd7 8. Rd1
Ne4 9. Nbd2 f5 10. Ne1 g5 11. Nxe4 dxe4 12. f3 exf3 13. Nxf3 g4 14. Ne5 Nxe5
15. dxe5 Qc7 16. Bf4 Bd7 17. e4 Be8 18. exf5 exf5 19. c5 Qc8 20. Bf1 Bf7 21. e6
Qxe6 22. Re1 Qf6 23. Re5 Bd5 24. Bd3 b6 25. Rxf5 Qd4+ 26. Kf1 Rxf5 27. Bxf5
Bxc5 28. Bxh7+ Kh8 29. Bd3 Qg1+ 30. Ke2 Bf3+ 0-1

[Event "Trois-Rivieres op"]
[Site "Trois-Rivieres CAN"]
[Date "2018.03.18"]
[Round "4.16"]
[White "Voloaca, Mihnea"]
[Black "Trottier, Yves"]
[Result "1-0"]
[WhiteElo "2341"]
[BlackElo "1861"]
[PlyCount "51"]
[EventDate "2018.03.16"]
[EventType "swiss"]
[EventRounds "5"]
[EventCountry "CAN"]

1. e4 e5 2. Nf3 Nf6 3. Nxe5 d6 4. Nf3 Nxe4 5. d4 d5 6. Bd3 Nc6 7. h3 Be7 8. O-O
O-O 9. Re1 Nf6 10. a3 Re8 11. c4 dxc4 12. Bxc4 Nd5 13. Nc3 Be6 14. Qd3 Qd7 15.
Ba2 Rad8 16. Bg5 Bxg5 17. Nxg5 Bf5 18. Rxe8+ Rxe8 19. Qc4 Nxc3 20. Qxf7+ Kh8
21. bxc3 h6 22. Qh5 Nd8 23. g4 Bd3 24. Rd1 Be2 25. Qg6 hxg5 26. Qh5# 1-0

[Event "Trois-Rivieres op"]
[Site "Trois-Rivieres CAN"]
[Date "2018.03.18"]
[Round "4.17"]
[White "Marcone, Malcom"]
[Black "Durette, Francis"]
[Result "1/2-1/2"]
[WhiteElo "2019"]
[BlackElo "2128"]
[PlyCount "72"]
[EventDate "2018.03.16"]
[EventType "swiss"]
[EventRounds "5"]
[EventCountry "CAN"]

1. d4 Nf6 2. c4 g6 3. Nc3 Bg7 4. e4 d6 5. Be2 O-O 6. Be3 Nbd7 7. g4 e5 8. d5
Nc5 9. f3 a5 10. h4 h5 11. g5 Nfd7 12. Qd2 Re8 13. Nh3 Nb6 14. b3 Bd7 15. Nf2
f5 16. Bxc5 dxc5 17. Nd3 Qe7 18. a4 Bf8 19. Bf1 Qf7 20. Qe3 Bd6 21. Bh3 Qe7 22.
O-O-O Kg7 23. Qe2 f4 24. Bxd7 Nxd7 25. Nb5 Nb8 26. Qb2 Kh7 27. Rhe1 Na6 28. Na3
Nb4 29. Nc2 Nxd3+ 30. Rxd3 Qd7 31. Rh1 Ra6 32. Qc3 b6 33. Ne1 Raa8 34. Rd2 Rad8
35. Nd3 Re7 36. Re1 Rf8 1/2-1/2

[Event "Trois-Rivieres op"]
[Site "Trois-Rivieres CAN"]
[Date "2018.03.18"]
[Round "4.18"]
[White "Zhong, Kevin"]
[Black "Bernatchez, Dan"]
[Result "1-0"]
[WhiteElo "2083"]
[BlackElo "1905"]
[PlyCount "91"]
[EventDate "2018.03.16"]
[EventType "swiss"]
[EventRounds "5"]
[EventCountry "CAN"]

1. e4 c5 2. Ne2 Nc6 3. Nbc3 Nf6 4. d4 cxd4 5. Nxd4 e5 6. Ndb5 d6 7. Bg5 a6 8.
Bxf6 gxf6 9. Na3 f5 10. Nc4 fxe4 11. Nxe4 Nd4 12. c3 d5 13. Nxe5 dxe4 14. Qxd4
Qxd4 15. cxd4 Bb4+ 16. Ke2 f6 17. Nc4 Be6 18. Ne3 O-O-O 19. Rc1+ Kb8 20. a3 Ba5
21. d5 Bxd5 22. Rc5 Bc6 23. Rxa5 Bb5+ 24. Ke1 b6 25. Rxb5 axb5 26. Bxb5 Rc8 27.
Ke2 Rc5 28. a4 f5 29. g3 Rf8 30. Rd1 f4 31. gxf4 Rxf4 32. Rd8+ Rc8 33. Rxc8+
Kxc8 34. Bc4 Rh4 35. Be6+ Kc7 36. h3 b5 37. axb5 Rh5 38. Bf5 Kb6 39. Bxe4 Rxh3
40. Bc6 Ka7 41. Nc4 Rh4 42. b6+ Ka6 43. b7 Ka7 44. Ne5 Rb4 45. Nd7 Rxb2+ 46.
Ke3 1-0

[Event "Trois-Rivieres op"]
[Site "Trois-Rivieres CAN"]
[Date "2018.03.18"]
[Round "4.19"]
[White "Libersan, Thierry"]
[Black "Lafleche, Alain"]
[Result "1-0"]
[WhiteElo "2058"]
[BlackElo "1691"]
[PlyCount "99"]
[EventDate "2018.03.16"]
[EventType "swiss"]
[EventRounds "5"]
[EventCountry "CAN"]

1. d4 d5 2. Bf4 Nf6 3. e3 g6 4. h3 Bg7 5. Nf3 O-O 6. Be2 c5 7. c3 Nbd7 8. Nbd2
Re8 9. O-O b6 10. a4 Bb7 11. a5 e5 12. Nxe5 Nxe5 13. Bxe5 Nd7 14. Bxg7 Kxg7 15.
Bb5 c4 16. a6 Bc8 17. Bc6 Rb8 18. Bxd5 b5 19. Qf3 Nf6 20. Bc6 Bd7 21. Bb7 Qb6
22. b3 Qc7 23. bxc4 bxc4 24. Rfb1 Re6 25. Rb4 Nh5 26. Rxc4 Qd6 27. Ne4 Qe7 28.
Rc7 Rd8 29. Nc5 Rf6 30. Qd5 Rd6 31. Qe5+ Qxe5 32. dxe5 Rd2 33. Nxd7 R8xd7 34.
Rxd7 Rxd7 35. g4 Ng3 36. fxg3 Re7 37. Ra5 f6 38. exf6+ Kxf6 39. g5+ Kg7 40. e4
Rc7 41. Rd5 Rxc3 42. Rd7+ Kh8 43. Kf2 Rc2+ 44. Kf3 Rc3+ 45. Kf4 h5 46. gxh6 Rc4
47. Kg5 Rb4 48. e5 Rb5 49. Kxg6 Rb6+ 50. Rd6 1-0

[Event "Trois-Rivieres op"]
[Site "Trois-Rivieres CAN"]
[Date "2018.03.18"]
[Round "4.20"]
[White "Mahdjoubi, Abdelaziz"]
[Black "Tanaka, Tyler"]
[Result "0-1"]
[WhiteElo "1854"]
[BlackElo "2118"]
[PlyCount "80"]
[EventDate "2018.03.16"]
[EventType "swiss"]
[EventRounds "5"]
[EventCountry "CAN"]

1. e4 c5 2. Nf3 Nc6 3. d4 cxd4 4. Nxd4 g6 5. c4 Bg7 6. Be3 Nf6 7. Nc3 d6 8. Be2
O-O 9. O-O Bd7 10. Rc1 Nxd4 11. Bxd4 Bc6 12. f3 a5 13. Qd2 Nd7 14. Bxg7 Kxg7
15. f4 Qb6+ 16. Kh1 Nc5 17. Qd4+ Kg8 18. Nd5 Bxd5 19. exd5 Na4 20. Qxb6 Nxb6
21. Bg4 h5 22. Bh3 f5 23. Rfe1 Kf7 24. g3 Na4 25. Rc2 Ra6 26. Rce2 Re8 27. Bf1
Rb6 28. b3 Nc5 29. Re3 a4 30. Rb1 axb3 31. axb3 Rb4 32. Kg2 e6 33. Rbe1 Rxb3
34. dxe6+ Rxe6 35. Rxe6 Nxe6 36. Kh3 Nxf4+ 37. Kh4 Ne6 38. Bg2 Rb2 39. Rg1 Rc2
40. h3 Rxc4+ 0-1

[Event "Trois-Rivieres op"]
[Site "Trois-Rivieres CAN"]
[Date "2018.03.18"]
[Round "4.21"]
[White "Li, Sherry"]
[Black "Johnson-Constantin, Matthieu"]
[Result "0-1"]
[WhiteElo "2036"]
[BlackElo "2024"]
[PlyCount "100"]
[EventDate "2018.03.16"]
[EventType "swiss"]
[EventRounds "5"]
[EventCountry "CAN"]

1. e4 e6 2. d4 d5 3. Nc3 Bb4 4. e5 c5 5. a3 Bxc3+ 6. bxc3 Qa5 7. Bd2 Qa4 8. Qb1
a6 9. Nf3 Ne7 10. Bd3 Nec6 11. Be3 Nd7 12. O-O b5 13. Re1 Bb7 14. Qd1 Qa5 15.
dxc5 Qxc3 16. Bd2 Qxc5 17. Bf4 Ne7 18. Qe2 Nb6 19. Be3 Qc7 20. Bxb6 Qxb6 21.
Reb1 Nc6 22. Qd2 h6 23. Qf4 Qc7 24. Re1 Na5 25. a4 Nc4 26. axb5 axb5 27. Rxa8+
Bxa8 28. Nd4 Bc6 29. g4 O-O 30. g5 hxg5 31. Qxg5 Qa5 32. Rf1 Be8 33. Qh4 g6 34.
Qf6 Qd2 35. Nf3 Qh6 36. Re1 Qg7 37. Qe7 Bc6 38. Qc7 Ba8 39. Nd4 Qh6 40. Qe7 Qf4
41. Ne2 Qxe5 42. Rd1 Nb2 43. Re1 d4 44. Qh4 Qd5 45. Be4 Qxe4 46. Qxe4 Bxe4 47.
Nxd4 Bd5 48. Nxb5 Rc8 49. Nd4 Rc4 50. Rb1 Rxd4 0-1

[Event "Trois-Rivieres op"]
[Site "Trois-Rivieres CAN"]
[Date "2018.03.18"]
[Round "5.4"]
[White "Ouellet, Maili-Jade"]
[Black "Poulin, Mathieu"]
[Result "1-0"]
[WhiteElo "2173"]
[BlackElo "2246"]
[PlyCount "67"]
[EventDate "2018.03.16"]
[EventType "swiss"]
[EventRounds "5"]
[EventCountry "CAN"]

1. d4 d5 2. c4 e6 3. Nc3 Be7 4. Nf3 Nf6 5. cxd5 exd5 6. Bg5 c6 7. Qc2 Bg4 8. e3
Nbd7 9. Bd3 Bh5 10. O-O Bxf3 11. gxf3 h6 12. Bh4 Nh5 13. Bxe7 Qxe7 14. Kh1 O-O
15. Rg1 Ndf6 16. Ne2 Rfc8 17. Rg2 b6 18. Bf5 Rc7 19. Rag1 c5 20. Qd2 Ne8 21.
dxc5 Rxc5 22. Qd4 Rd8 23. Qg4 Nef6 24. Qh3 Qe5 25. Ng3 Nxg3+ 26. Rxg3 Ne8 27.
Qxh6 Qxb2 28. Qg5 Rd6 29. Qe7 Qb5 30. Rxg7+ Nxg7 31. Qxd6 Qe8 32. Qf6 Qf8 33.
Qh6 f6 34. Be6+ 1-0

[Event "Trois-Rivieres op"]
[Site "Trois-Rivieres CAN"]
[Date "2018.03.18"]
[Round "5.5"]
[White "Sambuev, Bator"]
[Black "Xu, Daniel"]
[Result "1-0"]
[WhiteElo "2518"]
[BlackElo "2006"]
[PlyCount "95"]
[EventDate "2018.03.16"]
[EventType "swiss"]
[EventRounds "5"]
[EventCountry "CAN"]

1. d4 d5 2. c4 c6 3. Nf3 Nf6 4. e3 e6 5. Nbd2 Be7 6. Bd3 Nbd7 7. O-O O-O 8. b3
b6 9. Bb2 Bb7 10. Qe2 Qc7 11. Rac1 Rac8 12. cxd5 exd5 13. Ne5 c5 14. Bf5 Rcd8
15. f4 Rfe8 16. Rf3 g6 17. Rg3 Bf8 18. Ndf3 Bg7 19. Ng5 Nxe5 20. dxe5 Ne4 21.
Nxe4 dxe4 22. h4 Kf8 23. Bh3 Bc8 24. h5 Bxh3 25. Rxh3 Qd7 26. hxg6 hxg6 27. Bc3
Qe6 28. Qc4 Qxc4 29. bxc4 Rd3 30. Kf2 Red8 31. Ke2 Ke7 32. Rh7 Rg8 33. Bb2 Rgd8
34. Rc2 Bf8 35. Rh1 Bg7 36. Rh7 Bf8 37. Bc3 Rd1 38. Be1 Ke6 39. g4 Rb1 40. Bh4
Rdd1 41. f5+ gxf5 42. gxf5+ Kxf5 43. Rxf7+ Kg4 44. Rf4+ Kh5 45. e6 Rh1 46. Rxf8
Kxh4 47. e7 Kg3 48. Rg8+ 1-0

[Event "Trois-Rivieres op"]
[Site "Trois-Rivieres CAN"]
[Date "2018.03.18"]
[Round "5.8"]
[White "Bolduc, Steve"]
[Black "Tomb, Maroun"]
[Result "1/2-1/2"]
[WhiteElo "2159"]
[BlackElo "2323"]
[PlyCount "91"]
[EventDate "2018.03.16"]
[EventType "swiss"]
[EventRounds "5"]
[EventCountry "CAN"]

1. f4 d6 2. Nf3 g6 3. g3 b6 4. Bg2 Bb7 5. d3 Bg7 6. e4 e6 7. O-O Ne7 8. c3 O-O
9. Qe2 c5 10. Nh4 Nd7 11. Na3 Nc6 12. Nc4 Qe7 13. a4 d5 14. Ne3 d4 15. Nd1 dxc3
16. bxc3 Na5 17. Bb2 Ba6 18. Nf2 Rfd8 19. e5 Rac8 20. Ne4 Nxe5 21. fxe5 Bxd3
22. Qf3 Bxf1 23. Nf6+ Kh8 24. Rxf1 Nc4 25. Qe2 Nxb2 26. Qxb2 Bh6 27. Ng4 Bg5
28. Nf3 h5 29. h4 Bf4 30. Nf6 Be3+ 31. Kh1 Kg7 32. Qe2 Bh6 33. Ne4 Rf8 34. Bh3
Rcd8 35. Nfg5 Bxg5 36. Nxg5 Rd7 37. Ne4 Rd5 38. Nf6 Rdd8 39. Bg2 Rh8 40. Qe3
Qc7 41. Bf3 a6 42. Qg5 Kf8 43. Be4 Kg7 44. Bf3 Kf8 45. Bxh5 gxh5 46. Nxh5
1/2-1/2

[Event "Trois-Rivieres op"]
[Site "Trois-Rivieres CAN"]
[Date "2018.03.18"]
[Round "5.9"]
[White "Soudre, Nicolas"]
[Black "Masse, Hugues"]
[Result "1/2-1/2"]
[WhiteElo "2258"]
[BlackElo "2223"]
[PlyCount "135"]
[EventDate "2018.03.16"]
[EventType "swiss"]
[EventRounds "5"]
[EventCountry "CAN"]

1. e4 e5 2. Nf3 Nc6 3. d4 exd4 4. Bc4 Nf6 5. e5 d5 6. Bb5 Ne4 7. Nxd4 Bd7 8.
Bxc6 bxc6 9. O-O Bc5 10. f3 Ng5 11. f4 Ne4 12. Be3 Bb6 13. Nc3 Nxc3 14. bxc3
O-O 15. Qd2 f6 16. Rae1 fxe5 17. fxe5 Rxf1+ 18. Rxf1 Qe7 19. Nf3 Bg4 20. Re1
Bxf3 21. gxf3 Qg5+ 22. Kh1 Bxe3 23. Qxe3 Qxe3 24. Rxe3 Rb8 25. c4 Rb2 26. cxd5
Rxc2 27. d6 cxd6 28. exd6 Rd2 29. Re7 Rxd6 30. Rxa7 Rd2 31. a4 h5 32. Rc7 Rf2
33. Rxc6 Rxf3 34. Kg2 Ra3 35. Ra6 h4 36. Rg6 h3+ 37. Kg1 Ra1+ 38. Kf2 Ra2+ 39.
Kg1 Ra1+ 40. Kf2 Rh1 41. Rg1 Rxh2+ 42. Kg3 Ra2 43. Kxh3 Rxa4 44. Rg4 Ra3+ 45.
Rg3 Ra2 46. Rb3 Kh7 47. Kg4 Rg2+ 48. Rg3 Ra2 49. Rb3 Kh6 50. Rb4 Rg2+ 51. Kh3
Ra2 52. Kg4 Ra5 53. Rc4 Rg5+ 54. Kh4 Rg1 55. Rc6+ g6 56. Ra6 Rb1 57. Ra4 g5+
58. Kg4 Rg1+ 59. Kh3 Rh1+ 60. Kg3 Rb1 61. Ra8 Rb3+ 62. Kg4 Rb4+ 63. Kg3 Rb1 64.
Rh8+ Kg7 65. Ra8 Rg1+ 66. Kh2 Rb1 67. Ra6 Rb3 68. Kg2 1/2-1/2

[Event "Trois-Rivieres op"]
[Site "Trois-Rivieres CAN"]
[Date "2018.03.18"]
[Round "5.10"]
[White "Beaulieu, Eric"]
[Black "Latreche, Sabrina"]
[Result "0-1"]
[WhiteElo "2307"]
[BlackElo "2004"]
[PlyCount "126"]
[EventDate "2018.03.16"]
[EventType "swiss"]
[EventRounds "5"]
[EventCountry "CAN"]

1. d4 f5 2. c4 Nf6 3. Nf3 e6 4. g3 d5 5. Bg2 c6 6. O-O Bd6 7. b3 O-O 8. Ba3
Bxa3 9. Nxa3 Nbd7 10. Qc1 Ne4 11. Ne1 Qf6 12. e3 Qh6 13. Nd3 Ndf6 14. f3 Ng5
15. Nc2 Nh3+ 16. Bxh3 Qxh3 17. Nf4 Qh6 18. h4 Nh5 19. Rf2 Bd7 20. Nb4 Be8 21.
Nbd3 Qf6 22. Ne5 Rd8 23. Qa3 Nxf4 24. exf4 dxc4 25. Qxa7 cxb3 26. axb3 Rd5 27.
b4 Qe7 28. Rb1 Rb5 29. Qa3 Bh5 30. Rff1 Bf7 31. Qc3 Rd8 32. Rb3 Ra8 33. Ra1
Rxa1+ 34. Qxa1 h6 35. Qc3 Be8 36. Nd3 g5 37. hxg5 hxg5 38. Rb1 Qg7 39. Ra1 Kf8
40. Kf2 Rd5 41. Ke3 g4 42. Nc5 Kg8 43. Ra8 gxf3 44. Kxf3 Qg4+ 45. Kf2 Qh5 46.
Qe3 Qh7 47. Ke1 Qh1+ 48. Ke2 Qg2+ 49. Kd3 Qf1+ 50. Kc3 Kf7 51. Qxe6+ Kg7 52.
Qe7+ Kh6 53. Ra2 Qc1+ 54. Rc2 Qa1+ 55. Kb3 Qb1+ 56. Rb2 Qd1+ 57. Ka2 Rxc5 58.
Qf6+ Kh7 59. Rh2+ Bh5 60. Qf7+ Kh6 61. Qf8+ Kg6 62. Qe8+ Kg7 63. Qe7+ Bf7+ 0-1

[Event "Trois-Rivieres op"]
[Site "Trois-Rivieres CAN"]
[Date "2018.03.18"]
[Round "5.11"]
[White "Papineau (Granby), Daniel"]
[Black "Voloaca, Mihnea"]
[Result "0-1"]
[WhiteElo "2078"]
[BlackElo "2341"]
[PlyCount "80"]
[EventDate "2018.03.16"]
[EventType "swiss"]
[EventRounds "5"]
[EventCountry "CAN"]

1. e4 g6 2. Nc3 Bg7 3. g3 c5 4. Bg2 Nc6 5. d3 d6 6. Be3 e6 7. Qd2 Nd4 8. Nd1 h6
9. c3 e5 10. f4 exf4 11. gxf4 Nc6 12. Nf2 Nge7 13. Nf3 Rb8 14. O-O b6 15. d4 f5
16. e5 dxe5 17. Nxe5 Nxe5 18. fxe5 cxd4 19. Rad1 Ba6 20. Bxd4 Bxf1 21. Bxf1 O-O
22. Nd3 Nc6 23. Nf4 Nxe5 24. Bxe5 Qxd2 25. Rxd2 Bxe5 26. Nxg6 Rfe8 27. Rd7 Bg7
28. Ne7+ Kh8 29. Nxf5 Bf8 30. Bc4 Re5 31. Bd3 Bc5+ 32. Kg2 Rf8 33. Ng3 Re7 34.
Rd5 Rf2+ 35. Kh3 Re3 36. Rd8+ Kg7 37. Kg4 Kf6 38. Ne4+ Ke7 39. Rd5 Rxb2 40.
Nxc5 bxc5 0-1